00771nam a22002057a 450000500170000001000150001702000260003203500140005803700130007208200140008510000230009924500970012226000460021927000650026530000240033050000380035494200280039299900190042095201260043920180814105812.0 aENG-123724 a9780199482542c500.00 aEN-107256 bDBAD/PUB a230.95452 aChakrabarti, Kunal aReligious process:cby Kunal Chakrabartibthe puranas and the making of regional tradition / c2018aNew Delhi bOxford University Press aYMCA Library Building, 1 Jai Singh Road,bNew Delhi e110001 c22cm(pbk)ax,367p.  aIt include bibliography and index cEN2ddcmCHAh230.95452 c155864d155864 001040718NFICaDBADbBNd2018-08-14eDBAD/PUBg500.00l0o230.95452 CHApEN-107256r2018-08-14 00:00:00t1v500.00yEN